[Event "ESP-ch U16 Rapid"]
[Site "Salobrena"]
[Date "2022.07.30"]
[Round "1"]
[White "Sanchez Aguilar, Arnau"]
[Black "Robledo Sanchez, Saul"]
[Result "1-0"]
[WhiteElo "1896"]
[BlackElo "1436"]
[PlyCount "71"]
[EventDate "2022.07.30"]
[EventType "swiss (rapid)"]
[EventRounds "9"]
[EventCountry "ESP"]
[SourceTitle "EXT 2023"]
[Source "ChessBase"]
[SourceDate "2022.10.05"]
[SourceVersion "1"]
[SourceVersionDate "2022.10.05"]
[SourceQuality "1"]

1. c3 Nf6 2. d4 g6 3. Nf3 Bg7 4. Nbd2 d5 5. e3 0-0 6. Bd3 b6 7. e4 dxe4 8. Nxe4 Bb7 9. Nxf6+ Bxf6 10. Bh6 Bg7 11. Bxg7 Kxg7 12. Qe2 Nd7 13. 0-0-0 Nf6 14. Kb1 a5 15. h4 h5 16. Rhg1 a4 17. Ne5 Nd5 18. Qd2 Rg8 19. g4 hxg4 20. Rxg4 Nf6 21. Rf4 Bd5 22. Rg1 Kf8 23. c4 Be6 24. d5 Bxd5 25. cxd5 Qxd5 26. Qc3 Ra5 27. Nf3 Rc5 28. Bc4 Qd6 29. Rd4 Qc6 30. Rg5 Rxg5 31. hxg5 Nd7 32. Qd2 Nc5 33. Rd8+ Kg7 34. Qd4+ Kh7 35. Qh4+ Kg7 36. Qh6# 1-0

[Event "ESP-ch U16"]
[Site "Salobrena"]
[Date "2022.07.25"]
[Round "2"]
[White "Robledo Sanchez, Saul"]
[Black "Macias Pino, Diego"]
[Result "0-1"]
[WhiteElo "1929"]
[BlackElo "2355"]
[PlyCount "60"]
[EventDate "2022.07.25"]
[EventType "swiss"]
[EventRounds "9"]
[EventCountry "ESP"]
[SourceTitle "EXT 2023"]
[Source "ChessBase"]
[SourceDate "2022.10.05"]
[SourceVersion "1"]
[SourceVersionDate "2022.10.05"]
[SourceQuality "1"]

1. e4 c5 2. Nf3 e6 3. g3 Nc6 4. Bg2 Nf6 5. d3 d5 6. exd5 exd5 7. 0-0 Be7 8. Re1 0-0 9. h3 Qb6 10. b3 Be6 11. Nbd2 Rad8 12. Bb2 Rfe8 13. Ne5 Nxe5 14. Bxe5 c4 15. bxc4 dxc4 16. Rb1 Qa5 17. Rxb7 cxd3 18. Bc7 Qxa2 19. Bxd8 dxc2 20. Qa1 Qxa1 21. Rxa1 Rxd8 22. Rxe7 Rxd2 23. Bf3 Kf8 24. Rxe6 fxe6 25. Kf1 Nd5 26. Ke1 Rd4 27. Rc1 Nb4 28. Ke2 g6 29. Ke3 Rd7 30. Bg4 Ke7 0-1

[Event "ESP-ch U14"]
[Site "Salobrena"]
[Date "2021.07.16"]
[Round "8"]
[White "Quintas Otero, Anton"]
[Black "Robledo Sanchez, Saul"]
[Result "1/2-1/2"]
[WhiteElo "1547"]
[BlackElo "1743"]
[PlyCount "46"]
[EventDate "2021.07.12"]
[EventType "swiss"]
[EventRounds "9"]
[EventCountry "ESP"]
[SourceTitle "EXT 2022"]
[Source "ChessBase"]
[SourceDate "2021.10.06"]
[SourceVersion "1"]
[SourceVersionDate "2021.10.06"]
[SourceQuality "1"]

1. e4 c5 2. Nf3 Nc6 3. d4 cxd4 4. Nxd4 g6 5. c4 Nf6 6. Nc3 d6 7. f3 Nxd4 8. Qxd4 Bg7 9. Be3 0-0 10. Qd2 Be6 11. b3 Qa5 12. Rc1 Rac8 13. Be2 a6 14. Nd5 Qxd2+ 15. Kxd2 Nxd5 16. cxd5 Bd7 17. Rxc8 Rxc8 18. Rc1 Rxc1 19. Kxc1 Kf8 20. Kc2 Kg8 21. Kc1 Kf8 22. Kc2 Kg8 23. Kc1 Kf8 1/2-1/2

[Event "ESP-chT Regional U14"]
[Site "Gijon"]
[Date "2021.06.18"]
[Round "3.1"]
[White "Perea Fruet, Lorenzo"]
[Black "Robledo Sanchez, Saul"]
[Result "1-0"]
[WhiteElo "2044"]
[BlackElo "1725"]
[PlyCount "51"]
[EventDate "2021.06.17"]
[EventType "team-swiss"]
[EventRounds "6"]
[EventCountry "ESP"]
[SourceTitle "EXT 2022"]
[Source "ChessBase"]
[SourceDate "2021.10.06"]
[SourceVersion "1"]
[SourceVersionDate "2021.10.06"]
[SourceQuality "1"]
[WhiteTeam "Andalucia U14"]
[BlackTeam "Valencia U14"]
[WhiteTeamCountry "ESP"]
[BlackTeamCountry "ESP"]

1. e4 e5 2. Nf3 Nc6 3. d4 exd4 4. Nxd4 Bc5 5. Nb3 Bb6 6. Qe2 a5 7. Nc3 a4 8. Nd2 d6 9. Nc4 Bd4 10. Bd2 Nf6 11. 0-0-0 Be6 12. f3 0-0 13. Nb5 d5 14. exd5 Bxd5 15. c3 Re8 16. Qd3 Bxc4 17. Qxc4 Bb6 18. Qd3 Qxd3 19. Bxd3 Ne5 20. Bf4 Nxd3+ 21. Rxd3 Re2 22. Rhd1 c6 23. Nd6 a3 24. R1d2 Re1+ 25. Rd1 Re2 26. R1d2 1-0

[Event "Benidorm Next Generation U12/U14 15th"]
[Site "Benidorm"]
[Date "2019.11.29"]
[Round "1.5"]
[White "Koblash, Andres Ricardo"]
[Black "Robledo Sanchez, Saul"]
[Result "1-0"]
[WhiteElo "1171"]
[BlackElo "1669"]
[PlyCount "87"]
[EventDate "2019.11.29"]
[EventType "swiss"]
[EventRounds "6"]
[EventCountry "ESP"]
[SourceTitle "EXT 2024"]
[Source "ChessBase"]
[SourceDate "2023.10.10"]
[SourceVersion "1"]
[SourceVersionDate "2023.10.10"]
[SourceQuality "1"]

1. d4 Nf6 2. Bf4 g6 3. e3 Bg7 4. Nd2 d6 5. Be2 0-0 6. h3 Nbd7 7. Ngf3 b6 8. 0-0 Bb7 9. Bh2 c5 10. c3 Ne4 11. Nxe4 Bxe4 12. Nd2 Bb7 13. Bf3 Bxf3 14. Qxf3 Rc8 15. Rac1 Qc7 16. Qe4 Rfe8 17. Rc2 cxd4 18. exd4 Nf6 19. Qd3 Nd5 20. Rfc1 Bh6 21. a3 Qd7 22. Qf3 Nf6 23. Bf4 Bxf4 24. Qxf4 Nh5 25. Qf3 Qe6 26. c4 Qf6 27. Qxf6 Nxf6 28. c5 dxc5 29. dxc5 bxc5 30. Rxc5 Rxc5 31. Rxc5 Rd8 32. Nf3 Rd1+ 33. Kh2 Rf1 34. Rc7 Rxf2 35. Rxe7 Rxb2 36. Rxa7 Nd5 37. Kg3 Ne3 38. Ne5 Nxg2 39. Nxf7 Ne3 40. Nh6+ Kf8 41. Rxh7 Rb3 42. Rf7+ Ke8 43. Rf3 Nf5+ 44. Nxf5 1-0